[Event "Manizales Feria op 29th"]
[Site "Manizales"]
[Date "2024.01.08"]
[Round "6"]
[White "Lopez Londono, Alejandro"]
[Black "Gamboa Carvajal, Oscar Eduardo"]
[Result "1-0"]
[WhiteElo "1424"]
[BlackElo "1600"]
[PlyCount "33"]
[EventDate "2024.01.05"]
[EventType "swiss"]
[EventRounds "7"]
[EventCountry "COL"]
[SourceTitle "CB02_2024"]
[SourceDate "2024.01.10"]
[SourceVersion "1"]
[SourceVersionDate "2024.01.10"]
[SourceQuality "1"]

1. e4 d5 2. exd5 Qxd5 3. Nc3 Qa5 4. d4 c6 5. Bd2 Qc7 6. Bc4 Be6 7. Bxe6 fxe6 8. Qh5+ g6 9. Qh3 Qd7 10. 0-0-0 e5 11. dxe5 Qxh3 12. Nxh3 Bh6 13. Ng5 Na6 14. Be3 b6 15. Nce4 Nc5 16. Nxc5 bxc5 17. f4 1-0

[Event "Manizales Feria op 29th"]
[Site "Manizales"]
[Date "2024.01.06"]
[Round "2"]
[White "Lopez Londono, Alejandro"]
[Black "Alzate Catano, Cristhoper"]
[Result "1-0"]
[WhiteElo "1424"]
[BlackElo "1500"]
[PlyCount "53"]
[EventDate "2024.01.05"]
[EventType "swiss"]
[EventRounds "7"]
[EventCountry "COL"]
[SourceTitle "CB02_2024"]
[SourceDate "2024.01.10"]
[SourceVersion "1"]
[SourceVersionDate "2024.01.10"]
[SourceQuality "1"]

1. e4 e5 2. Nf3 Nc6 3. Bb5 Nf6 4. d3 Bd6 5. c3 a6 6. Ba4 0-0 7. Nbd2 Bc5 8. Bxc6 Ng4 9. d4 exd4 10. cxd4 Bxd4 11. Nxd4 dxc6 12. N4f3 Re8 13. 0-0 Ne5 14. Nxe5 Rxe5 15. Nf3 Bg4 16. Qxd8+ Rxd8 17. Nxe5 Re8 18. Nxg4 Rxe4 19. Rd1 f5 20. Ne3 b5 21. Nxf5 c5 22. Be3 c4 23. f3 Re8 24. Rd7 g6 25. Nh6+ Kh8 26. Bd4+ Re5 27. Bxe5# 1-0

[Event "Manizales Feria op 29th"]
[Site "Manizales"]
[Date "2024.01.05"]
[Round "1"]
[White "Rangel, Carlos"]
[Black "Lopez Londono, Alejandro"]
[Result "1-0"]
[WhiteElo "1976"]
[BlackElo "1424"]
[PlyCount "59"]
[EventDate "2024.01.05"]
[EventType "swiss"]
[EventRounds "7"]
[EventCountry "COL"]
[SourceTitle "CB02_2024"]
[SourceDate "2024.01.10"]
[SourceVersion "1"]
[SourceVersionDate "2024.01.10"]
[SourceQuality "1"]

1. e4 c5 2. Nf3 d6 3. d4 cxd4 4. Nxd4 Nf6 5. Nc3 a6 6. Bc4 e6 7. Bb3 Be7 8. g4 Nc6 9. g5 Nxd4 10. Qxd4 Nh5 11. Rg1 Qc7 12. Be3 0-0 13. 0-0-0 b5 14. f4 Rb8 15. f5 b4 16. f6 Bxf6 17. gxf6 bxc3 18. fxg7 cxb2+ 19. Kxb2 Re8 20. Qxd6 Qxd6 21. Rxd6 Nf6 22. Rd4 Bb7 23. e5 Nd5 24. Bg5 Rec8 25. Rg3 Rc5 26. Rh4 Bc6 27. Rgh3 Kxg7 28. Rxh7+ Kg6 29. R3h5 Rc4 30. Bf6 1-0

[Event "Manizales Departamental-ch 2nd"]
[Site "Manizales"]
[Date "2022.07.15"]
[Round "2"]
[White "Lopez Londono, Alejandro"]
[Black "Rodriguez Zuluaga, Gabriel Andres"]
[Result "1/2-1/2"]
[WhiteElo "1422"]
[BlackElo "1565"]
[PlyCount "80"]
[EventDate "2022.07.14"]
[EventType "swiss"]
[EventRounds "7"]
[EventCountry "COL"]
[SourceTitle "EXT 2024"]
[Source "ChessBase"]
[SourceDate "2023.10.10"]
[SourceVersion "1"]
[SourceVersionDate "2023.10.10"]
[SourceQuality "1"]

1. e4 b6 2. d4 d6 3. c4 g6 4. Be3 Bg7 5. Nc3 Nf6 6. f3 Nbd7 7. Qd2 c5 8. d5 Ne5 9. Bh6 Bxh6 10. Qxh6 Bd7 11. g4 Qc7 12. Be2 0-0-0 13. h3 g5 14. Qxg5 Rhg8 15. Qe3 h5 16. g5 Nh7 17. f4 Ng6 18. h4 f5 19. Bxh5 e5 20. Bxg6 Rxg6 21. fxe5 dxe5 22. exf5 Bxf5 23. Nge2 Qd7 24. 0-0-0 Rg7 25. Ng3 Bg4 26. Rdf1 Nf8 27. h5 Qe7 28. Nge4 Bd7 29. h6 Rh7 30. Nf6 Rh8 31. Rhg1 Ng6 32. Nxd7 Rxd7 33. Rf6 Qe8 34. Qe4 Rg8 35. Nb5 Kb8 36. Nd6 Qe7 37. Rxg6 Rxg6 38. Qxg6 Rxd6 39. h7 Rxg6 40. h8Q+ Kb7 1/2-1/2